[Event "Flemish-ch"]
[Site "Ghent"]
[Date "2018.05.12"]
[Round "5"]
[White "Verkimpe, Mike"]
[Black "Piceu, Tom"]
[Result "0-1"]
[WhiteElo "1939"]
[BlackElo "2372"]
[PlyCount "50"]
[EventDate "2018.05.10"]
[EventType "swiss"]
[EventRounds "7"]
[EventCountry "BEL"]
[SourceTitle "CBM 184 Extra"]
[Source "ChessBase"]
[SourceDate "2018.06.28"]
[SourceVersion "1"]
[SourceVersionDate "2018.06.28"]
[SourceQuality "1"]

1. e4 c5 2. Nc3 Nc6 3. f4 e6 4. Nf3 a6 5. d3 d5 6. Be2 Nf6 7. 0-0 Be7 8. Qe1 0-0 9. Qg3 Qc7 10. Ne5 b5 11. Nxc6 Qxc6 12. exd5 exd5 13. f5 b4 14. Nd1 Re8 15. Ne3 Bd6 16. Qf3 Qc7 17. Ng4 Nxg4 18. Qxg4 Bxh2+ 19. Kh1 Be5 20. Rf3 Qd6 21. Qh5 g6 22. Qg4 Bg7 23. Bf4 Qd8 24. Rg3 Bxf5 25. Qf3 Qh4+ 0-1

[Event "Bruges Masters op"]
[Site "Bruges"]
[Date "2016.08.16"]
[Round "6"]
[White "Verkimpe, Mike"]
[Black "Vandendriessche, Jan"]
[Result "0-1"]
[WhiteElo "1949"]
[BlackElo "2156"]
[PlyCount "64"]
[EventDate "2016.08.14"]
[EventType "swiss"]
[EventRounds "9"]
[EventCountry "BEL"]
[SourceTitle "CBM 173 Extra"]
[Source "ChessBase"]
[SourceDate "2016.08.29"]
[SourceVersion "1"]
[SourceVersionDate "2016.08.29"]
[SourceQuality "1"]

1. e4 e6 2. d4 d5 3. Nd2 Nf6 4. e5 Nfd7 5. Bd3 c5 6. c3 Nc6 7. Ne2 cxd4 8. cxd4 f6 9. exf6 Nxf6 10. 0-0 Bd6 11. Nf3 Qc7 12. Qc2 0-0 13. Bg5 h6 14. Bh4 Nh5 15. Bh7+ Kh8 16. Bg6 Rxf3 17. Bxh5 Bxh2+ 18. Kh1 Rf5 19. Bg6 Bd6 20. Bxf5 exf5 21. f4 Qf7 22. Rf3 Bd7 23. Rh3 Re8 24. Bf2 Re4 25. g3 Qg6 26. Kh2 Qg4 27. Nc3 Nxd4 28. Qd1 Nf3+ 29. Kg2 Rxf4 30. Nxd5 Bc6 31. Nxf4 Bxf4 32. Rc1 Bxc1 0-1

[Event "Vlissingen HZ op 18th"]
[Site "Vlissingen"]
[Date "2014.08.02"]
[Round "1"]
[White "Fedorchuk, Sergey A"]
[Black "Verkimpe, Mike"]
[Result "1-0"]
[WhiteElo "2665"]
[BlackElo "1925"]
[PlyCount "33"]
[EventDate "2014.08.02"]
[EventType "swiss"]
[EventRounds "9"]
[EventCountry "NED"]
[SourceTitle "CBM 161 Extra"]
[Source "ChessBase"]
[SourceDate "2014.08.29"]
[SourceVersion "1"]
[SourceVersionDate "2014.08.29"]
[SourceQuality "1"]

1. e4 c5 2. Nf3 Nc6 3. Bb5 Qb6 4. Nc3 e6 5. 0-0 Nd4 6. Ba4 Qa5 7. d3 b5 8. Nxd4 cxd4 9. Nxb5 a6 10. Bd2 Qb6 11. Na3 Bxa3 12. bxa3 a5 13. Rb1 Qd6 14. Qg4 g6 15. e5 Qxe5 16. Rfe1 Qf5 17. Qxd4 1-0

[Event "Leuven op"]
[Site "Leuven"]
[Date "1997.11.09"]
[Round "4"]
[White "Verkimpe, Mike"]
[Black "Werbeck, Torsten"]
[Result "1-0"]
[WhiteElo "1956"]
[BlackElo "2265"]
[PlyCount "109"]
[EventDate "1997.11.07"]
[EventType "swiss"]
[EventRounds "7"]
[EventCountry "BEL"]
[SourceTitle "EXT 2006"]
[Source "ChessBase"]
[SourceDate "2005.11.24"]
[SourceVersion "1"]
[SourceVersionDate "2005.11.24"]
[SourceQuality "1"]

1. e4 g6 2. d4 Bg7 3. Nf3 d6 4. Bd3 Bg4 5. c3 Nd7 6. h3 Bxf3 7. Qxf3 e5 8. d5 Nh6 9. g4 f6 10. h4 Nf7 11. h5 Bh6 12. Bxh6 Nxh6 13. hxg6 hxg6 14. Qe3 g5 15. Rh5 Qe7 16. Qh3 Qg7 17. Nd2 Nf7 18. Be2 Nf8 19. Nc4 Ng6 20. Rxh8+ Qxh8 21. Qxh8+ Nfxh8 22. Ne3 Nh4 23. Nf5 N8g6 24. Kd2 Kf7 25. Nh6+ Kg7 26. Nf5+ Nxf5 27. gxf5 Nf4 28. Rh1 Rh8 29. Rxh8 Kxh8 30. Bg4 Kg7 31. c4 Kf7 32. b4 Ke7 33. a4 Kd7 34. b5 Kc8 35. a5 a6 36. bxa6 b6 37. axb6 cxb6 38. Kc3 Kc7 39. Kb4 Nd3+ 40. Kb5 Nxf2 41. Bf3 g4 42. Bg2 Nd1 43. a7 Kb7 44. a8Q+ Kxa8 45. Kxb6 Ne3 46. Bh1 Nxc4+ 47. Kc7 g3 48. Kd7 Kb7 49. Ke7 Kc7 50. Kxf6 Kd8 51. Kg7 Nb6 52. f6 Nd7 53. Kf7 Nc5 54. Bg2 Kd7 55. Kg7 1-0